000 00745nam a2200229Ia 4500
003 Ost
005 20260507075740.0
008 260507s9999||||xx |||||||||||||| ||und||
020 _a9772793482
040 _cfsecg
041 _aara
082 _a658.5421
100 _eمؤلف
245 0 _aإدارة الوقت والأزمات والادارة بالأزمات /
260 _aالقاهرة:
_bدار الأمين,
_c2003
300 _a151 صفحة؛
_bإيضاحات ؛
_c24 سم
504 _aالمراجع ص.150
520 _aإدارة الوقت والتفويض،إدارة الأزمات والإدارة بالأزمات
653 _aإدارة الأزمات
653 _aإدارة الوقت
942 _cكتاب
999 _c46130
_d46130